| 000 | 01466cam a22004457i 4500 | ||
|---|---|---|---|
| 999 |
_c478651 _d478651 |
||
| 001 | 18398618 | ||
| 003 | NUST | ||
| 005 | 20180627064329.0 | ||
| 007 | ta | ||
| 008 | 140808s2014 ii af 001 0aeng d | ||
| 010 | _a 2014357814 | ||
| 016 | 7 |
_a016837348 _2Uk |
|
| 020 |
_a9788129132741 _cRs. 440 |
||
| 020 | _a8129132745 | ||
| 025 | _aI-E-2014-357814; 62-92 | ||
| 035 | _a(OCoLC)ocn886619830 | ||
| 035 | _a(OCoLC)886619830 | ||
| 037 | _bLibrary of Congress -- New Delhi Overseas Office | ||
| 038 | _aArshad | ||
| 040 |
_aDKAGE _beng _erda _cDKAGE _dDLC |
||
| 042 |
_alccopycat _alcode |
||
| 043 | _aa-ii--- | ||
| 050 | 0 | 0 |
_aDS481.N318 _bA3 2014 |
| 082 | 0 | 4 |
_a324.2092 _bSIN |
| 100 | 1 |
_aNatwar-Singh, K., _eauthor. _911281 |
|
| 245 | 1 | 0 |
_aOne life is not enough : _ban autobiography / _cK. Natwar Singh. |
| 264 | 1 |
_aNew Delhi : _bRupa Publications India, _c2014. |
|
| 300 |
_axiii, 410 pages, 40 unnumbered pages of plates : _billustrations (chiefly color) ; _c24 cm |
||
| 336 |
_atext _btxt _2rdacontent |
||
| 337 |
_aunmediated _bn _2rdamedia |
||
| 338 |
_avolume _bnc _2rdacarrier |
||
| 500 | _aIncludes index. | ||
| 530 | _aAlso available as an e-book. | ||
| 600 | 1 | 0 |
_aNatwar-Singh, K. _911282 |
| 650 | 0 |
_aPoliticians _zIndia _vBiography. _95509 |
|
| 650 | 0 |
_aDiplomats _zIndia _vBiography. _911283 |
|
| 906 |
_a7 _bcbc _ccopycat _d3 _encip _f20 _gy-gencatlg |
||
| 942 |
_2ddc _cBK |
||